| 000 | 00874ngm a22002417a 4500 | ||
|---|---|---|---|
| 005 | 20220614163232.0 | ||
| 008 | 150515b xxu||||| |||| 00| 0 spa d | ||
| 041 | _aspa | ||
| 082 | _a372 DVD | ||
| 100 |
_aMorales, Margarita _922113 |
||
| 245 | _aConéctate con tu bebé a través de la estimulación prenatal y perinatal ( (VII Conferencia Mundial de Estimulación Prenatal y Desarrollo Infantil) | ||
| 260 | _aCosta Rica | ||
| 260 | _bUNED | ||
| 260 | _c2014 | ||
| 300 | _a45 minutos | ||
| 440 |
_aVII Convención Mundial de Estimulación Prenatal y Desarrollo Infantil _98599 |
||
| 500 | _aConexión entre madre e hijo dentro del vientre, el ser en gestación creciendo y alimentándose dentro de la madre | ||
| 650 |
_aCOSTA RICA _963727 |
||
| 650 |
_aESTIMULACIÓN PRENATAL _98601 |
||
| 650 |
_aPADERES _922115 |
||
| 650 |
_aGESTACIÓN _963728 |
||
| 942 | _cDVD | ||
| 999 |
_c5656 _d5656 |
||